The cold war in Asia : A historical introduction
Gardado en:
| Autor Principal: | |
|---|---|
| Formato: | Libro |
| Idioma: | Undetermined |
| Publicado: |
Englewood Cliffs
Prentice-Hall
1974
|
| Những chủ đề: | |
| Các nhãn: |
Engadir etiqueta
Sen Etiquetas, Sexa o primeiro en etiquetar este rexistro!
|
| Thư viện lưu trữ: | Trung tâm Học liệu Trường Đại học Cần Thơ |
|---|
| LEADER | 00499nam a2200193Ia 4500 | ||
|---|---|---|---|
| 001 | CTU_89836 | ||
| 008 | 210402s9999 xx 000 0 und d | ||
| 082 | |a 327.5 | ||
| 082 | |b I.68 | ||
| 100 | |a Iriye, Akira | ||
| 245 | 4 | |a The cold war in Asia : | |
| 245 | 2 | |b A historical introduction | |
| 245 | 0 | |c Akira Iriye | |
| 260 | |a Englewood Cliffs | ||
| 260 | |b Prentice-Hall | ||
| 260 | |c 1974 | ||
| 650 | |a Cold war | ||
| 904 | |i Bằng | ||
| 980 | |a Trung tâm Học liệu Trường Đại học Cần Thơ | ||